Halo. original soundtrack : from the Xbox 360 video game / 3 :

Bibliographic Details
Main Author: O'Donnell, Martin
Other Authors: Salvatori, Michael
Format: CD Audio
Language:English
Published: Redmond, WA : Microsoft Corp., [2007]
Subjects:

MARC

Tag First Indicator Second Indicator Subfields
LEADER 00000cjm a2200000Ia 4500
001 in00002785410
005 20150922145231.0
007 sd fungnn|||ed
008 071115s2007 waumpnn n eng d
024 1 |a 669311203724 
028 0 2 |a SE-2037-2  |b Microsoft Corp. 
035 |a (OCoLC)ocn181350354 
035 |a (OCoLC)181350354 
040 |a JBL  |c JBL  |d LEO  |d NYP  |d MLN  |d TXA  |d UtOrBLW 
049 |a TXAM 
082 0 4 |a 784.2154  |b Od5h3 
090 |a M1630.18.O3686  |b H353 2007 
100 1 |a O'Donnell, Martin. 
245 1 0 |a Halo.  |p 3 :  |b original soundtrack : from the Xbox 360 video game /  |c composed by Martin O'Donnell and Michael Salvatori. 
246 3 |a Halo three 
264 1 |a Redmond, WA :  |b Microsoft Corp.,  |c [2007] 
264 4 |c ℗2007 
300 |a 2 sound discs :  |b digital ;  |c 4 3/4 in. 
336 |a performed music  |b prm  |2 rdacontent 
337 |a audio  |b s  |2 rdamedia 
338 |a audio disc  |b sd  |2 rdacarrier 
500 |a Compact disc. 
500 |a From the Xbox 360 video game. 
508 |a Produced by Martin O'Donnell and Michael Salvatori. 
511 0 |a Original score composed by Martin O'Donnell and Michael Salvatori. 
505 0 |a Disc 1. Arrival -- Sierra 117 -- Crow's nest -- Tsavo Highway -- The storm -- Floodgate -- The ark -- Disc 2. The covenant -- Cortana -- Halo -- Ending -- Bonus tracks. 
500 |a Sound recording. 
650 0 |a Video game music. 
700 1 |a Salvatori, Michael. 
948 |a cataloged  |b h  |c 2012/11/29  |d c  |e jstorlie  |f 11:33:44 am 
994 |a C0  |b TXA 
999 |a MARS 
999 f f |s cc21340b-3a5e-3923-b52e-d2e803b5c2d6  |i edd6ce76-4a93-3c52-b55f-0a51f87e2360  |t 0 
952 f f |p ric  |a Texas A&M University  |b Rellis Campus  |c Joint Library Facility  |d Remote Storage  |t 0  |e M1630.18.O3686 H353 2007  |h Library of Congress classification  |i audio -- audio disc  |m A14841621113 
998 f f |a M1630.18.O3686 H353 2007  |t 0  |l Remote Storage